AMERICA RECOMMITTED A SUPERPOWER ASSESSES ITS ROLE IN A TURBULENT WORLD / (Record no. 616536)
[ view plain ]
| 000 -LEADER | |
|---|---|
| fixed length control field | 00448nam a22001457a 4500 |
| 020 ## - INTERNATIONAL STANDARD BOOK NUMBER | |
| Qualifying information | PB. |
| 040 ## - CATALOGING SOURCE | |
| Transcribing agency | FIZZA ISHAQ |
| 082 ## - DEWEY DECIMAL CLASSIFICATION NUMBER | |
| Classification number | 327.730 |
| Author Mark | DON |
| 100 ## - MAIN ENTRY--PERSONAL NAME | |
| Personal name | NUECHTERLEIN,E.DONALD. |
| 9 (RLIN) | 133590 |
| 245 ## - TITLE STATEMENT | |
| Title | AMERICA RECOMMITTED A SUPERPOWER ASSESSES ITS ROLE IN A TURBULENT WORLD / |
| Statement of responsibility, etc. | DONALD E.NUECHTERLEIN. |
| 250 ## - EDITION STATEMENT | |
| Edition statement | 2ND ED. |
| 260 ## - PUBLICATION, DISTRIBUTION, ETC. | |
| Place of publication, distribution, etc. | NEW YORK ; |
| Name of publisher, distributor, etc. | The University Press of Kentucky, |
| Date of publication, distribution, etc. | 2001. |
| 300 ## - PHYSICAL DESCRIPTION | |
| Extent | 323 P. ; |
| Dimensions | 8.3X5.3IN |
| 942 ## - ADDED ENTRY ELEMENTS (KOHA) | |
| Source of classification or shelving scheme | |
| Koha item type | Book |
| Withdrawn status | Lost status | Source of classification or shelving scheme | Damaged status | Not for loan | Permanent Location | Current Location | Shelving location | Date acquired | Total Checkouts | Full call number | Barcode | Date last seen | Price effective from | Koha item type |
|---|---|---|---|---|---|---|---|---|---|---|---|---|---|---|
| NUST Baluchistan Campus (NBC) | NUST Baluchistan Campus (NBC) | Reference | 03/06/2026 | 327.730 DON | QD-513 | 03/06/2026 | 03/06/2026 | Book |
